00738nam a2200241 a 4500001001300000003000900013005001700022008004100039020002300080082002200103100002300125245005400148260003500202300000800237500003500245505001800280650001800298700002300316902000800339942000700347952012500354999001700479nice12345678IN_TiNIC20260116015056.0100205s2005 dela grp 000 0 eng  a8188869163 c40000a323.39710954bDAN aDanish, Ishtiyaque aMuslims in Indiab Perceptions and Misperceptions aDelhibGlobal Media Pub c2005 a94p aincludes index and biblioraphy2 abiblio, index aMuslims-India1 aDanish, Ishtiyaque bSRS cBK 001040708StackRoom-aHMIbHMId2010-02-05g400.00l0o323.39710954 DANp11002122r2010-02-05v400.00w2010-02-05yBK c18211d18211